00512nam a2200157 a 450000100100000000500170001000800410002704000250006808200150009310000280010824501070013625000110024326000500025430000280030470000220033200004561720201002052341.0150416s1987 dr a 000 0 spa d aDO-SdBNPbspacBNPHU axxxxbxxxx1 aRoyuela, José Antonio10aTeoría literaria e historia de la literatura Española /cJosé Antonio Royuela, Gerardo Aparicio. a3a ed. aSanto Domingo :bColegial Quisqueyana,c1987. a295 p. :bil. ;c24 cm.12aAparicio, Gerardo